000 00750cam a2200193 i 4500
005 20251108165347.0
008 250721s1990 xx 000 0 ara d
082 1 4 _a212
_bه و ا
100 1 _aالهواري، هود بن محكم
_eمؤلف.
245 1 0 _aتفسير كتاب الله العزيز /
_cللشيخ هود بن محكم الهواري، حققه و علق عليه بالحاج بن سعيد شريفي.
250 _aالطبعة الاولى
264 1 _aبيروت :
_bدار الغرب الإسلامي،
_c1990.
300 _a4 جزء.
650 1 7 _aالقرآن الكريم.
650 1 7 _aالتفسير.
700 1 _aشريفي، بالحاج بن سعيد
_eمحقق.
942 _2ddc
_cREF
999 _c26011
_d26011